000 00570nam a2200157 a 4500
001 000045279
003 OSt
005 20210318114430.0
008 110706s1972 dr 000 0 spa d
040 _aDO-SdBNP
_bspa
_cBNPHU
245 0 0 _aDiscurso pronunciado por el excelentísimo señor presidente de la República Doctor Joaquín Balaguer en el Congreso Nacional, el día 27 de febrero de 1972.
260 _aSanto Domingo :
_b[s.d.],
_c1972.
300 _a44 p. ;
_c21 cm.
590 _aPerteneció a la biblioteca personal del Dr. Guaroa Ginebra H
942 _2ddc
_cLF2
999 _c44768
_d44768